Most Populous Cities in Italy - Statistics

General Stats
  • This quiz has been taken 65 times
  • The average score is 22 of 45
Answer Stats
Population City % Correct
1,396,059 Milan
100%
2,837,332 Rome
100%
870,952 Turin
100%
372,038 Florence
96%
962,589 Naples
96%
574,090 Genoa
92%
259,150 Venice
92%
657,960 Palermo
90%
390,625 Bologna
81%
322,316 Bari
77%
259,608 Verona
75%
311,402 Catania
65%
153,231 Cagliari
62%
203,234 Trieste
62%
229,565 Messina
58%
121,781 Bergamo
56%
198,292 Parma
56%
199,579 Brescia
46%
186,830 Modena
46%
212,395 Padua
44%
151,200 Rimini
42%
195,227 Taranto
42%
118,902 Trento
42%
132,608 Salerno
40%
119,800 Pescara
38%
100,282 Ancona
37%
157,024 Livorno
37%
120,405 Syracuse
37%
132,195 Ferrara
35%
178,760 Reggio Calabria
35%
124,051 Monza
33%
166,969 Perugia
31%
158,058 Ravenna
31%
149,904 Foggia
27%
194,913 Prato
27%
172,124 Reggio Emilia
27%
104,315 Piacenza
25%
103,985 Novara
23%
111,764 Vicenza
23%
129,804 Latina
19%
126,769 Sassari
19%
110,530 Terni
17%
118,000 Forlì
13%
125,058 Giugliano in Campania
2%
107,407 Bolzano-Bozen
0%
No matching quizzes found
Score Distribution
Percent of People with Each Score
Percentile by Number Answered
Your Score History
You have not taken this quiz